Statistiques concernant Personnages célèbres - Série 63

Cliquez ici pour prendre le quiz!

Statistiques générales

  • Ce quiz a été pris 67 fois
  • Le résultat moyen est 6 sur 15

Statistiques - réponses

Réponse% Correct
Armstrong
90%
Vian
87%
Alizée
71%
Fois
67%
Witherspoon
49%
Lama
49%
Ulliel
44%
Stravinsky
38%
Barr
35%
Chaplin
29%
Fabian
25%
Woodley
16%
Renoir
16%
Murino
11%
Lapalus
11%

Distribution des résultats

Percentile par nombre de réponses

% des personnes avec chaque résultat

Votre développement - résultats

Vous n’avez pas pris ce quiz